La politique industrielle de la communaute

Tallennettuna:
Bibliografiset tiedot
Aineistotyyppi: Kirja
Kieli:Undetermined
Julkaistu: Paris Commission des Communautes Europeennes 1970
Aiheet:
Tagit: Lisää tagi
Ei tageja, Lisää ensimmäinen tagi!
Thư viện lưu trữ: Trung tâm Học liệu Trường Đại học Cần Thơ
LEADER 00434nam a2200145Ia 4500
001 CTU_85628
008 210402s9999 xx 000 0 und d
082 |a 338.9 
082 |b P769 
245 0 |a La politique industrielle de la communaute 
260 |a Paris 
260 |b Commission des Communautes Europeennes 
260 |c 1970 
650 |a economic policy,industrial policy 
980 |a Trung tâm Học liệu Trường Đại học Cần Thơ